Analýza vplyvu aplikácie bilančnej politiky na prezentáciu informácií v účtovnej závierke konkrétnej podnikateľskej účtovnej jednotky diplomová práca

Salvato in:
Dettagli Bibliografici
Autore principale: Moravčíková, Monika
Ente Autore: Fakulta hospodárskej informatiky EU. Katedra účtovníctva a audítorstva
Altri autori: Blahušiaková, Miriama, 1980-
Natura: Libro
Lingua:slovacco
Pubblicazione: Bratislava 2017
Tags: Aggiungi Tag
Nessun Tag, puoi essere il primo ad aggiungerne!!

MARC

LEADER 00000nbm a2200000 4500
001 0230954
005 20180410102314.4
041 0 |a slo 
044 |a SK 
245 1 0 |a Analýza vplyvu aplikácie bilančnej politiky na prezentáciu informácií v účtovnej závierke konkrétnej podnikateľskej účtovnej jednotky  |b diplomová práca  |c Monika Moravčíková ; školiteľ: Miriama Blahušiaková 
264 1 |a Bratislava  |c 2017 
300 |a 59 s. 
100 1 |a Moravčíková, Monika 
700 1 |a Blahušiaková, Miriama, 1980- 
710 2 |a Fakulta hospodárskej informatiky EU. Katedra účtovníctva a audítorstva